The ancient history of ... Wiltshire (Record no. 114062)

MARC details
000 -LEADER
fixed length control field 00675cam a22001935a 4500
001 - CONTROL NUMBER
control field L156155
008 - FIXED-LENGTH DATA ELEMENTS--GENERAL INFORMATION
fixed length control field 120502s1812 xxk f 000 0 eng d
035 ## - SYSTEM CONTROL NUMBER
System control number (Sirsi) u156155
041 0# - LANGUAGE CODE
Language code of text/sound track or separate title eng
100 1# - MAIN ENTRY--PERSONAL NAME
Personal name Hoare, Richard Colt
Titles and words associated with a name Sir
Dates associated with a name 1758-1838
245 04 - TITLE STATEMENT
Title The ancient history of ... Wiltshire
260 ## - PUBLICATION, DISTRIBUTION, ETC.
Place of publication, distribution, etc. London
Name of publisher, distributor, etc. W. Miller
Date of publication, distribution, etc. 1812
300 ## - PHYSICAL DESCRIPTION
Extent 3 v. in 2
Other physical details fronts. (v. 1, 2: ports.) ill., plates (part fold.) maps (part fold.) plans
Dimensions 47 cm.
520 ## - SUMMARY, ETC.
Summary, etc. Library holds two copies of volume 1.
583 0# - ACTION NOTE
Action Condition reviewed
Time/date of action 20120620
Status condition level 1, 2 and 4, detached boards
651 #4 - SUBJECT ADDED ENTRY--GEOGRAPHIC NAME
Geographic name England
Chronological subdivision 886-
690 ## - LOCAL SUBJECT ADDED ENTRY--TOPICAL TERM (OCLC, RLIN)
Topical term or geographic name as entry element Conservation and restoration
942 ## - ADDED ENTRY ELEMENTS (KOHA)
Suppress in OPAC 0
Holdings
Withdrawn status Lost status Source of classification or shelving scheme Damaged status Not for loan Home library Current library Shelving location Date acquired Total Checkouts Full call number Barcode Date last seen Copy number Price effective from Koha item type
    Dewey Decimal Classification     Historic collection Historic collection Historic collection 02/05/2012   FOLIO 1812 HOARE VOLUME 1 30077700 06/08/2019 1 06/08/2019 Book
    Dewey Decimal Classification     Historic collection Historic collection Historic collection 02/05/2012   FOLIO 1812 HOARE VOLUME 1 30077697 06/08/2019 2 06/08/2019 Book
    Dewey Decimal Classification     Historic collection Historic collection Historic collection 02/05/2012   FOLIO 1812 HOARE VOLUME 2 30077701 06/08/2019 1 06/08/2019 Book